000 00997nam a2200265 i 4500
001 109859
003 ES-MaACL
005 20251114151307.0
007 t|
008 061121s1961 sp r ||||1| spa d
100 1 _aMoeller, Franz.
_981764
245 1 0 _aMáquinas de corriente continua, máquinas de corriente alterna
_b: (incluso transformadores) /
_cpor Franz Moeller, Erwin Kübler, Th. Werr ; traducción de la séptima edición alemana por Juan Corrales Martín.
250 _a2ª ed.
260 _aBarcelona [etc.] :
_bLabor,
_c1961.
300 _aXVII, 623 p. ;
_c23 cm.
490 1 _aElectrotecnia General y Aplicada ;
_v2
594 _aPrecede al tít.: Moeller-Werr.
650 0 4 _aMáquinas eléctricas.
_914765
700 1 _aWerr, Theodor.
_9116512
700 1 _aKübler, Erwin.
_9166590
700 1 _aCorrales Martín, Juan,
_d1907-2000
_940736
830 0 _aElectrotecnia General y Aplicada ;
_v2
_9187153
852 _aES-MaACL
_jP-559-1
999 _c109859
_d109859